Bioinformatics : (Record no. 20025)
[ view plain ]
| 000 -LEADER | |
|---|---|
| fixed length control field | 02695cam a2200361 i 4500 |
| 001 - CONTROL NUMBER | |
| control field | 17984339 |
| 003 - CONTROL NUMBER IDENTIFIER | |
| control field | EG-ScBUE |
| 005 - DATE AND TIME OF LATEST TRANSACTION | |
| control field | 20260511115111.0 |
| 008 - FIXED-LENGTH DATA ELEMENTS--GENERAL INFORMATION | |
| fixed length control field | 131226t2014 oncad f b 001 0 eng d |
| 020 ## - INTERNATIONAL STANDARD BOOK NUMBER | |
| International Standard Book Number | 9781771880190 |
| 040 ## - CATALOGING SOURCE | |
| Original cataloging agency | DLC |
| Language of cataloging | eng |
| Description conventions | rda |
| Transcribing agency | DLC |
| Modifying agency | EG-ScBUE |
| 082 04 - DEWEY DECIMAL CLASSIFICATION NUMBER | |
| Edition number | 22 |
| Classification number | 570.285 |
| Item number | BIO |
| 245 00 - TITLE STATEMENT | |
| Title | Bioinformatics : |
| Remainder of title | the impact of accurate quantification on proteomic and genetic analysis and research / |
| Statement of responsibility, etc | edited by Yu Liu, Ph.D. |
| 264 #1 - PUBLICATION, DISTRIBUTION, ETC. (IMPRINT) | |
| Place of publication, distribution, etc | Oakvill, Ontario ; |
| -- | Waretown : |
| Name of publisher, distributor, etc | Apple Academic Press, |
| Date of publication, distribution, etc | [2014] |
| 264 #4 - PUBLICATION, DISTRIBUTION, ETC. (IMPRINT) | |
| Date of publication, distribution, etc | c2014 |
| 300 ## - PHYSICAL DESCRIPTION | |
| Extent | xxv, 384 pages : |
| Other physical details | illustrations ; |
| Dimensions | 24 cm |
| 336 ## - CONTENT TYPE | |
| Source | rdacontent |
| Content type term | text |
| Content type code | txt |
| 337 ## - MEDIA TYPE | |
| Source | rdamedia |
| Media type term | unmediated |
| Media type code | n |
| 338 ## - CARRIER TYPE | |
| Source | rdacarrier |
| Carrier type term | volume |
| Carrier type code | nc |
| 504 ## - BIBLIOGRAPHY, ETC. NOTE | |
| Bibliography, etc | Includes bibliographical references and index.<br/> |
| 505 ## - FORMATTED CONTENTS NOTE | |
| Formatted contents note | Introduction; Part I: RNA-Seq; Chapter 1: The Bench Scientist's Guide to Statistical Analysis of RNA-Seq Data; Chapter 2: Assembly of Non-Unique Insertion Content Using Next-Generation Sequencing; Chapter 3: RSEM: Accurate Transcript Quantification from RNA-Seq Data With or Without a Reference Genome; Part II: Microarray; Chapter 4: A Regression System for Estimation of Errors Introduced by Confocal Imaging into Gene Expression Data in Situ.<br/> Chapter 5: SPACE: An Algorithm to Predict and Quantify Alternatively Spliced Isoforms Using MicroarraysChapter 6: Link-Based Quantitative Methods to Identify Differentially Coexpressed Genes and Gene Pairs; Chapter 7: Dimension Reduction with Gene Expression Data Using Targeted Variable Importance Measurement; Part III: GWAS; Chapter 8: Genome-Wide Association Study of Stevens-Johnson Syndrome and Toxic Epidermal Necrolysis in Europe; Chapter 9: Genotyping Common and Rare Variation Using Overlapping Pool Sequencing.<br/> Chapter 10: Learning Genetic Epistasis Using Bayesian Network Scoring CriteriaChapter 11: Combined Analysis of Three Genome-Wide Association Studies on vWF and FVIII Plasma Levels; Part IV: Proteomics; Chapter 12: Statistical Methods for Quantitative Mass Spectrometry Proteomic Experiments with Labeling; Chapter 13: MRCQuant: An Accurate LC-MS Relative Isotopic Quantification Algorithm on TOF Instruments; Author Notes. |
| 650 #7 - SUBJECT ADDED ENTRY--TOPICAL TERM | |
| Source of heading or term | BUEsh |
| 9 (RLIN) | 39275 |
| Topical term or geographic name as entry element | Bioinformatics |
| General subdivision | Statistical methods. |
| 650 #7 - SUBJECT ADDED ENTRY--TOPICAL TERM | |
| Source of heading or term | BUEsh |
| 9 (RLIN) | 12933 |
| Topical term or geographic name as entry element | Computational biology |
| General subdivision | methods. |
| 650 #7 - SUBJECT ADDED ENTRY--TOPICAL TERM | |
| Source of heading or term | BUEsh |
| 9 (RLIN) | 39276 |
| Topical term or geographic name as entry element | Sequence Analysis, RNA. |
| 650 #7 - SUBJECT ADDED ENTRY--TOPICAL TERM | |
| 9 (RLIN) | 39277 |
| Topical term or geographic name as entry element | Data Interpretation, Statistical. |
| Source of heading or term | BUEsh |
| 650 #7 - SUBJECT ADDED ENTRY--TOPICAL TERM | |
| 9 (RLIN) | 39278 |
| Topical term or geographic name as entry element | Microarray Analysis |
| Source of heading or term | BUEsh |
| 650 #7 - SUBJECT ADDED ENTRY--TOPICAL TERM | |
| 9 (RLIN) | 39279 |
| Topical term or geographic name as entry element | Proteome |
| General subdivision | analysis. |
| Source of heading or term | BUEsh |
| 651 ## - SUBJECT ADDED ENTRY--GEOGRAPHIC NAME | |
| Source of heading or term | BUEsh |
| 653 ## - INDEX TERM--UNCONTROLLED | |
| Resource For college | Pharmacy |
| Arrived date list | February2016 |
| 655 ## - INDEX TERM--GENRE/FORM | |
| Form subdivision | Reading book |
| 700 1# - ADDED ENTRY--PERSONAL NAME | |
| 9 (RLIN) | 39280 |
| Personal name | Liu, Yu |
| Dates associated with a name | 1963- |
| Relator term | editor. |
| 942 ## - ADDED ENTRY ELEMENTS (KOHA) | |
| Source of classification or shelving scheme | Dewey Decimal Classification |
| Koha item type | Book - Borrowing |
| Withdrawn status | Lost status | Source of classification or shelving scheme | Damaged status | Not for loan | Collection code | Home library | Current library | Shelving location | Date acquired | Source of acquisition | Cost, normal purchase price | Serial Enumeration / chronology | Total Checkouts | Full call number | Barcode | Date last seen | Cost, replacement price | Koha item type |
|---|---|---|---|---|---|---|---|---|---|---|---|---|---|---|---|---|---|---|
| Dewey Decimal Classification | Alahram | Central Library | Central Library | First floor | 29/06/2015 | Purchase | 1026.00 | 307 | 570.285 BIO | 000039208 | 15/07/2025 | 1282.50 | Book - Borrowing |